000 00569nam a22001817a 4500
999 _c169695
_d169695
005 20191204120421.0
010 _aENG-127028
020 _c200.00
_a9789381858059
035 _aEN-110560
037 _bDBAD/PUB
082 _a709.52
100 _aKowshik, Dinkar
245 _aOkakura :
_cby Raghu Korrapati [and] Balaji Kannan
_bthe rising sun of Japanese renaissance /
260 _aKolkata
_bPatralekha
_c2011
270 _aGunen Sil, 10B College Row
_bKolkata 9, W.B.
_k9831110963
300 _a126p.
_c21cm(Hb)
942 _2ddc
_cEN
_h709.52
_mKOW